[Event "RUS-ch qual 57th"]
[Site "Tomsk"]
[Date "2004.05.30"]
[Round "8"]
[White "Shariyazdanov, Andrey"]
[Black "Vorobiov, Evgeny E"]
[Result "1-0"]
[WhiteElo "2575"]
[BlackElo "2552"]
[Annotator "Krasenkow,M"]
[PlyCount "49"]
[EventDate "2004.05.23"]
[EventType "swiss"]
[EventRounds "9"]
[EventCountry "RUS"]
[SourceTitle "CBM 102"]
[Source "ChessBase"]
[SourceDate "2004.09.23"]
[SourceVersion "1"]
[SourceVersionDate "2004.09.23"]
[SourceQuality "1"]

1. d4 Nf6 2. c4 g6 3. Nc3 d5 4. cxd5 Nxd5 5. e4 Nxc3 6. bxc3 Bg7 7. Bc4 c5 8.
Ne2 Nc6 9. Be3 O-O 10. O-O Bd7 11. Rb1 Na5 (11... a6 {is the main line.}) 12.
Bd3 Rc8 13. d5 (13. dxc5 $5 {deserves serious attention as it is not easy for
Black to play ...b6:} Qc7 (13... e5 14. Qc2 Qc7 15. c4 $1 Nc6 16. Nc3 Nd4 17.
Bxd4 exd4 18. Nd5 Qxc5 19. Rxb7 $18 {1-0 Gretarsson,H-Krasenkow,M/Reykjavik
2003/CBM 93 ext (29)}) 14. Nd4 Rfd8 15. Qe2 e6 16. f4 $1 Bf8 17. f5 Bxc5 18.
fxe6 (18. Qf2 $142 $40) 18... Bxe6 $13 {1/2-1/2 Krush,I-Matveeva,S/playchess.
com 2004/CBM 100 ext (56)}) 13... e5 {Or else:} (13... b6 14. c4 $6 (14. f4 $5)
(14. Ba6 $5) 14... e5 15. f3 f5 16. exf5 gxf5 17. Rc1 Nb7 18. Qd2 Nd6 $11 {
1/2-1/2 Zsinka,L-Michaelsen,N/Hamburg 1991/CBM 24 ext (42)}) (13... f5 14. exf5
Bxf5 15. c4 Qd7 16. Bxf5 Rxf5 17. Qc2 b6 18. Nf4 Nb7 19. Ne6 $16 {1-0 Lukacs,
P-Jansa,V/Baile Herculane 1982/MCD (35)}) (13... e6 14. Qd2 Ba4 15. c4 b5 16.
Nc3 exd5 17. exd5 bxc4 18. Nxa4 cxd3 19. Bxc5 Re8 20. Qxd3 $16 {1-0 Farago,
I-Filipovic,B/Banja Luka 1985/MCD (36)}) 14. Qd2 (14. Qc1 $143 Qe7 15. Kh1 f5
16. exf5 gxf5 17. c4 b6 18. Bg5 Qf7 19. Ng3 Nb7 20. Be2 Qg6 21. f4 e4 22. Nh5
Bd4 23. Rb3 e3 $13 {1/2-1/2 Cramling,P-Groszpeter,A/Biel 1990/CBM 19 (32)})
14... f5 {Black must play actively (..b6, ...Nb7-d6 is too slow) but his a5
knight is out of play at the moment. Actively fighting for the initiative,
White can make use of this circumstance.} (14... Qc7 15. f4 $1 f5 16. Ng3 fxe4
17. Nxe4 b6 18. d6 Qc6 19. fxe5 Bxe5 20. Bh6 Rf5 21. g4 Rxf1+ 22. Rxf1 Qd5 23.
Qf2 Bf5 24. gxf5 Qxd3 25. fxg6 hxg6 26. Qf7+ Kh8 27. Nf6 {1-0 Razuvaev,Y-De la
Villa Garcia,J/Palma de Mallorca 1991/EXT 98 (27)}) 15. Bg5 {[%mdl 32]} ({
But not the passive} 15. f3 $6 f4 16. Bf2 c4 17. Bc2 b6 18. Rb4 Rf7 19. Ba4
Bxa4 20. Rxa4 Bf8 21. Rb1 Bd6 22. Qb2 h5 $40 {0-1 Van der Werf,M-Nijboer,F/
Leeuwarden 2001/CBM 84 (37)}) 15... Qe8 16. exf5 ({Another example of White's
passive play:} 16. c4 $6 b6 17. Nc3 $6 Nb7 18. Rbe1 f4 19. f3 h6 20. Bh4 g5 21.
Bf2 Rf6 22. Re2 h5 23. Rb1 Rg6 $40 {0-1 Planas,J-De la Villa Garcia,J/Palma de
Mallorca 1991/EXT 98 (43)}) 16... gxf5 17. Ng3 {The same plan as in the above
game Cramling-Groszpeter, with a small difference:)} Qg6 18. f4 $1 e4 19. Be2 {
[%cal Yg3h5] Now we see the difference: Black has no check on d4! That's why
White has not played c3-c4!} Bf6 {Starting an unsuccessful manoeuvre.} (19...
Qd6 $142 20. Nh5 Bh8 21. Qe3 $5 $40 {[%cal Ye3g3]}) 20. Nh5 Bd8 {The bishop
has moved away from the king and...} 21. c4 {Only now!} b6 22. Rbc1 $1 $18 {
[%cal Yc1c3,Yc3g3]} Bxg5 23. fxg5 Rce8 24. Rc3 Re7 25. Rg3 {Despite the
material balance, Black resigned as White's attack was unstoppable.} 1-0

[Event "RUS-ch qual 57th"]
[Site "Tomsk"]
[Date "2004.05.26"]
[Round "4"]
[White "Shariyazdanov, Andrey"]
[Black "Yandemirov, Valeri"]
[Result "1-0"]
[WhiteElo "2575"]
[BlackElo "2494"]
[Annotator "Krasenkow,M"]
[PlyCount "81"]
[EventDate "2004.05.23"]
[EventType "swiss"]
[EventRounds "9"]
[EventCountry "RUS"]
[SourceTitle "CBM 102"]
[Source "ChessBase"]
[SourceDate "2004.09.23"]
[SourceVersion "1"]
[SourceVersionDate "2004.09.23"]
[SourceQuality "1"]

1. d4 Nf6 2. c4 g6 3. Nc3 d5 4. cxd5 Nxd5 5. e4 Nxc3 6. bxc3 Bg7 7. Bc4 O-O 8.
Ne2 Nc6 9. O-O Na5 10. Bd3 b6 11. Be3 c5 12. Rc1 Bb7 {My game against Nyback 
(CBM101) demonstrates that after ...cxd4 cxd4 refraining from ...e6 is not
favorable for Black. There is, however, another concept: to do the same
without the exchange on d4. In case of d5 Black can reply with ...c4 followed
by ...e6.} 13. Qd2 (13. d5 {is another option.}) 13... Rc8 14. d5 {Otherwise
Black can take on d4 at the appropriate moment chosen by himself. Here are
some examples:} (14. Rfd1 Qd7 15. Bh6 Bxh6 16. Qxh6 cxd4 17. cxd4 Qa4 18. Qd2
Nc6 19. Qb2 Qb4 20. Qa1 Na5 21. d5 Rxc1 22. Rxc1 Rc8 $11 {1/2-1/2 Kramer,H-Van
Scheltinga,T/Beverwijk 1952/MCD (27)}) (14. Bh6 e6 15. h4 (15. Bxg7 Kxg7 16.
Qe3 Qe7 17. Qg3 cxd4 18. cxd4 Rxc1 19. Rxc1 Rc8 $11 {0-1 Bannik,A-Simagin,V/
Leningrad 1956/URS-ch (53)}) 15... cxd4 (15... Nc6 $5 16. Bg5 $6 Qd7 17. Bb5 a6
18. Bxc6 Bxc6 19. Qe3 Bb5 $15 {0-1 Riemersma,L-Dlugy,M/Amsterdam 1987/TD (35)})
16. cxd4 Bxh6 17. Qxh6 Rxc1 18. Rxc1 Nc6 $1 19. d5 exd5 20. exd5 Ne5 21. Be4 f5
$17 {1/2-1/2 Boleslawski,Z-Plater,K/Katowice 1952/EXT 2002 (32)}) 14... c4 15.
Bc2 e6 16. Rcd1 exd5 17. exd5 {The question is whether the d5 pawn is strong
or weak. Up-to-date's practice favors White.} Qd7 {Taking the a4 square under
control.} ({After the natural} 17... Re8 {this rook gets under the attack of
the white bishop:} 18. Ng3 Rc7 19. Ba4 $1 Rf8 (19... Re5 20. d6 Rc8 21. d7 Ra8
22. Bd4 $16) 20. d6 Rc8 21. d7 Ra8 22. Bf4 $16 Qf6 $2 23. Bg5 {1-0 Afifi,
A-Santos,J/Luzern 1982/EXT 97-B (23)}) 18. Bh6 {After the exchange of these
bishops the dark squares around the black king become dangerously weak. This
will be "the second weakness" (along with White's passed pawn).} Qd6 {This
queen manoeuvre doesn't help Black.} (18... Rfe8 $5) 19. Ng3 Qe5 (19... f5 20.
Bxg7 Kxg7 21. Ne2 $1 {[%cal Re2f4]} f4 22. Be4 $16) 20. Bxg7 (20. f4 $5) 20...
Qxg7 21. Rfe1 {[%cal Gd1d8,Ge1e8]} Rcd8 22. d6 Bc6 23. Re3 (23. Re7 $142) 23...
Kh8 {This allows White to correct his "mistake".} (23... Qf6 $142 24. Re7 $140
$2 Nb7) 24. Re7 $1 Nb7 25. Qf4 Qxc3 26. Be4 $1 Na5 27. Re5 $6 {This
unnecessarily complicates matters.} (27. Bxc6 Nxc6 28. Rc7 {led to a clear
advantage for White, e.g.} Ne5 (28... Qe5 29. Qxc4) 29. Qf6+ (29. Ne4 Nd3 $1
30. Nxc3 Nxf4 31. Rxc4 Ne6 $14) 29... Kg8 30. Nf1 $16 {[%cal Yf1e3,Ye3d5]})
27... f5 $8 28. Re7 Qf6 29. Bc2 Rf7 30. Rxf7 Qxf7 31. h4 {White still has a
good compensation for the missing pawn as the black king is quite weak.} Nb7
32. h5 Qf6 $2 {This loses at once.} (32... Kg8 $1 {was the most precise
defense. It was not so easy for White to continue his attack as} 33. hxg6 hxg6
34. Bxf5 $2 {didn't work due to} Bd7 $1) 33. hxg6 hxg6 34. Qh6+ Kg8 35. Nh5 $1
Qe5 (35... Qf7 36. Bxf5 $1 $18 {was probably missed by Black when playing 32...
Qf6}) 36. Qxg6+ Kf8 37. Qh6+ Kf7 38. Qh7+ Kf8 39. d7 Nc5 40. Qh6+ Ke7 41. Qg5+
1-0

[Event "World Cup"]
[Site "Khanty-Mansiysk"]
[Date "2009.11.30"]
[Round "4.1"]
[White "Shirov, Alexei"]
[Black "Svidler, Peter"]
[Result "0-1"]
[WhiteElo "2719"]
[BlackElo "2754"]
[Annotator "Krasenkow,M"]
[PlyCount "72"]
[EventDate "2009.11.21"]
[EventType "k.o."]
[EventRounds "7"]
[EventCountry "RUS"]
[SourceTitle "CBM 134"]
[Source "ChessBase"]
[SourceDate "2010.01.18"]
[SourceVersion "1"]
[SourceVersionDate "2010.01.18"]
[SourceQuality "1"]

1. d4 Nf6 2. c4 g6 3. Nc3 d5 4. cxd5 Nxd5 5. e4 Nxc3 6. bxc3 Bg7 7. Bc4 c5 8.
Ne2 Nc6 9. Be3 O-O 10. O-O Qc7 11. Rc1 Rd8 12. Bf4 Be5 {About this relatively
new line - see CBM 132, annotations to Caruana - Morozevich.} 13. Bg3 Bxg3 14.
hxg3 $146 {[%mdl 8] Hardly a good move. Eventual f2-f4 would now weaken the g4
square.} (14. fxg3 $142 $1 {opening up the f-file, e.g.} Rf8 15. Qd3 $13 (15.
h3 $143 $6 Na5 16. Bd3 e5 $1 17. Qd2 Qe7 18. g4 Bd7 19. d5 c4 20. Bc2 f6 21.
Ng3 b6 22. Bd1 Nb7 23. Be2 Nd6 $17 {1-0 Caruana,F (2670)-Morozevich,A (2751)/
Biel 2009/CBM 132/[Krasenkow] (59)})) 14... e5 15. Bd5 (15. d5 Na5 16. Bd3 c4
17. Bc2 Qc5 {[%cal Ya5b7,Yb7d6,Yb7b5]}) 15... Be6 (15... Bg4 $5 16. f3 Be6 {
[%cal Gb6g1]}) 16. dxe5 (16. Bxe6 fxe6 17. Qa4 $11) 16... Bxd5 $6 (16... Nxe5
$142 17. c4 Qe7 $11) 17. exd5 Nxe5 18. c4 $14 {[%csl Gd5]} a6 19. Re1 $5 (19.
a4 $5 $14 b5 $140 20. axb5 axb5 21. cxb5 Qb6 22. Nc3) 19... b5 20. cxb5 axb5
21. Nc3 c4 $5 22. Qd4 $2 {The complications started with this move are
favorable for Black.} (22. Nxb5 $142 $1 Qd7 (22... Qb8 23. Rb1 Nd3 24. Re2 $14)
23. Rxe5 Qxb5 24. Qe2 ({or} 24. Qd2 Qc5) 24... Rxd5 (24... Rac8 $5) 25. Rxd5
Qxd5 26. Rxc4 $14 {although White can hardly win here.}) 22... Nd3 23. Ne4 (23.
Nxb5 Qa5 24. Nc3 Qa7 $1 $17) 23... Qa7 $1 {[%mdl 320]} 24. Nf6+ (24. Qc3 b4 $1)
(24. Qa1 Qxa2) 24... Kh8 25. Qh4 Kg7 $3 $19 {This spectacular move (Steinitz
would be delighted!) parries White's attack, and Black keeps a decisive
material advantage.} 26. Re3 (26. Nh5+ Kf8 27. Qf6 (27. Qg5 Qxf2+ 28. Kh2 Nxe1
$19) 27... Qxf2+ 28. Qxf2 Nxf2 29. Kxf2 gxh5 $19 {_|_}) (26. Qxh7+ Kxf6 $19)
26... Rd6 $1 27. Rf3 h6 $1 28. Ne4 Rxd5 29. Qf6+ Kg8 30. Rc3 Ne5 31. Rf4 Qxa2
32. Kh2 Qe2 33. Qh4 Ra6 34. g4 g5 35. Nxg5 hxg5 36. Qxg5+ Rg6 0-1

[Event "Moscow Tal Memorial 3rd"]
[Site "Moscow"]
[Date "2008.08.25"]
[Round "7"]
[White "Ivanchuk, Vassily"]
[Black "Morozevich, Alexander"]
[Result "1-0"]
[WhiteElo "2781"]
[BlackElo "2788"]
[Annotator "Krasenkow,M"]
[PlyCount "119"]
[EventDate "2008.08.18"]
[EventType "tourn"]
[EventRounds "9"]
[EventCountry "RUS"]
[EventCategory "20"]
[SourceTitle "CBM 126"]
[Source "ChessBase"]
[SourceDate "2008.10.01"]
[SourceVersion "1"]
[SourceVersionDate "2008.10.01"]
[SourceQuality "1"]

1. c4 Nf6 2. d4 g6 3. Nc3 d5 4. cxd5 Nxd5 5. e4 Nxc3 6. bxc3 Bg7 7. Bc4 c5 8.
Ne2 O-O 9. O-O Nc6 10. Be3 Na5 11. Bb5 $6 Bd7 12. Bd3 {A strange concept but
what could White do after his previous move?} (12. Bxd7 {is harmless:} cxd4 13.
cxd4 Qxd7 14. Rc1 e6 15. Qd2 b6 16. Rc2 Rfc8 $11 17. Rfc1 Rxc2 18. Qxc2 Rd8 (
18... b5 $5) 19. Bg5 Rf8 20. Qc7 $2 Qb5 21. Be7 Qxe2 22. Bxf8 Bxf8 23. Qxa7 Qd2
24. Rb1 Nc4 $19 {1-0 Ioseliani,N (2499)-Qin Kanying (2489)/Shanghai 2001/CBM
082 ext (42)}) 12... b6 {Black doesn't want to transpose to theoretical lines
by means of} (12... Bg4) 13. Rb1 e5 {We have seen a similar idea in
Cheparinov-Kamsky from this issue; the main difference is that the white rook
now attacks the b6 pawn.} 14. dxc5 Ba4 $6 {e6 is apparently the better square
for this bishop.} (14... Be6 $5 15. cxb6 axb6 16. Bxb6 (16. Rb4 Bxa2 17. Bxb6
Qd6) 16... Qd6 17. Rb4 Bxa2 18. Bb1 Qxd1 19. Rxd1 Bb3 $44) 15. Qd2 (15. Qxa4 $5
Qxd3 16. Ng3) 15... Qd7 16. cxb6 axb6 17. Nc1 (17. Rxb6 Rfd8 18. Nc1 Qc8 {
[%cal Ra5c4]} 19. Qe2 (19. Rb4 Nc6 20. Rb1 Na5) 19... Qxc3 {and White can
hardly make use of his extra pawn.}) 17... Rfc8 (17... b5 $5) 18. Rxb6 Bf8 {
Despite two extra pawns, it is not easy for White to consolidate his position.
To achieve that, he must find an appropriate moment to give back one of the
pawns like in the following line:} (18... Nc4 19. Bxc4 Rxc4 20. Rd6 Qc8 21. Nd3
$1 Rxc3 22. Nb4 {[%cal Rb4d5]} Bf8 23. Rb6 $14) 19. Ra6 $1 Qb7 20. Rxa8 Qxa8
21. Nb3 {The same idea, but it will be practically impossible to convert the
c3-pawn.} Nxb3 22. axb3 Bxb3 23. Rb1 Qa3 24. h3 Be6 25. Rc1 Rd8 26. Qc2 Bb3 (
26... Bc5 $1 {was the simplest course. It is important that} 27. Bg5 (27. Bh6
f6) {doesn't work due to} 27... f6 $1 28. Bxf6 $2 Rxd3) 27. Qb1 Ba2 $6 (27...
Qa4 $142 {[%cal Yf8a3]}) 28. Qb5 {The white queen has occupied this important
position; still, there is no reason for panic.} Rc8 (28... Bc5 {was possible
even now but hardly worthwhile:} 29. Qxc5 Qxc5 30. Bxc5 Rxd3 31. c4 $1 Bb3 32.
Kh2 $16) 29. Qxe5 Bc5 $4 {Even top GMs take absolutely inadequate decisions in
time trouble fever, not to mention making ordinary blunders.} (29... Bg7 {
regained the c3 pawn, after which Black should survive with 3 pawns vs 4 at
the same side.}) 30. Bxc5 Rxc5 31. Qb8+ Kg7 32. Qf4 {Now, with two extra pawns
in quite a simple position, White should bring home his advantage.} Qb2 33. Qe3
f6 34. Qxc5 Qxc1+ 35. Bf1 Qe1 36. Qd4 g5 37. c4 Qc1 38. c5 Be6 39. f3 h5 40.
Kf2 h4 41. Qe3 $6 (41. Qd6) 41... Qc2+ 42. Kg1 Bc4 43. Bxc4 Qxc4 {[%mdl 4096]
Time pressure is over and the Ukrainian GM finds a confident way to a victory.}
44. Kh2 (44. e5 {looks attractive but what to do after} Kf7 45. exf6 Kxf6 {?}
46. Kh2 $4 Qf4+ 47. Qxf4+ gxf4 48. Kg1 Ke5 49. Kf2 Kd5 50. Ke2 Kxc5 51. Kd3 Kd5
{leads to an unexpected draw.}) 44... Kf7 45. Qa3 Ke6 46. Qa7 Qc1 47. Qb6+ Kf7
48. Qd6 Qf4+ {Black has no other choice but the pawn endgame is now winning
for White (although grandmasters in the press room had a different impression
for a moment).} 49. Qxf4 gxf4 50. Kg1 Ke6 51. Kf2 Kd7 52. Ke2 Kc6 53. Kd3 ({
But not} 53. e5 $2 fxe5 54. Kd3 Kxc5 55. Ke4 Kd6 56. Kf5 Kd5 57. Kg5 Kd4 58.
Kxh4 Ke3 59. Kg4 Kf2 60. Kf5 (60. h4 Kxg2 61. h5 e4 $11) 60... Kxg2 61. Ke4 (
61. Kxe5 $4 Kxf3 $19) 61... Kg3 $3 62. h4 Kxh4 63. Kxe5 Kg5 $11) 53... Kxc5 54.
Kc3 Kd6 55. Kd4 {The crucial opposition...} Ke6 56. Kc4 $1 (56. Kc5 $143 Ke5)
56... Kd6 57. Kb5 {... and the decisive outflanking!} Ke6 58. Kc6 Ke5 59. Kd7
f5 60. exf5 (60. exf5 Kxf5 61. Kd6 Kf6 62. Kd5 Kf5 63. Kd4 $18) 1-0

[Event "Foros Aerosvit"]
[Site "Foros"]
[Date "2007.06.21"]
[Round "4"]
[White "Eljanov, Pavel"]
[Black "Sasikiran, Krishnan"]
[Result "1/2-1/2"]
[WhiteElo "2686"]
[BlackElo "2690"]
[Annotator "Krasenkow,M"]
[PlyCount "113"]
[EventDate "2007.06.18"]
[EventType "tourn"]
[EventRounds "11"]
[EventCountry "UKR"]
[EventCategory "18"]
[SourceTitle "CBM 119"]
[Source "ChessBase"]
[SourceDate "2007.08.01"]
[SourceVersion "1"]
[SourceVersionDate "2007.08.01"]
[SourceQuality "1"]

1. d4 Nf6 2. c4 g6 3. Nc3 d5 4. cxd5 Nxd5 5. e4 Nxc3 6. bxc3 Bg7 7. Bc4 c5 8.
Ne2 O-O 9. O-O Nc6 10. Be3 Qc7 11. Qc1 {This well-forgotten move} ({instead of
the normal} 11. Rc1) {is considered absolutely harmless. GM Pavel Eljanov
regularly plays the Gruenfeld Defense himself - in such situations it is
sometimes difficult to choose an appropriate variation against it.} 11... Bd7 {
It is very logical to prepare ...Rac8 bothering the white queen - although} (
11... Rd8 {has been seen in practice more often.}) 12. Bd3 $146 {A useful
prophylactic move.} (12. Rd1 cxd4 13. cxd4 Rac8 14. Qa3 Qa5 15. Qb3 Qb4 16. Nc3
Qxb3 17. axb3 Rfd8 $11 {0-1 Miranda,M-Gragger,A/Tel Aviv 1964/MCD (38)}) (12.
Rb1 $5 cxd4 (12... Rac8 13. Qa3 (13. Qb2 $142) 13... cxd4 14. cxd4 Nxd4 15.
Bxf7+ Rxf7 16. Bxd4 b6 17. Rbc1 Qd6 18. Qxd6 exd6 19. Bxg7 Kxg7 20. f3 Rc5 $11
{1/2-1/2 Paessler,H-Balcazar Novoa,L/ICCF Email 2001/ICCF Telechess CBM 98 (48)
}) 13. cxd4 Rac8 14. Qb2 (14. Bb5 Qa5 15. Qb2 Rfd8 16. Bd2 Qb6 17. Qa3 Bxd4 $1
18. Bxc6 Bc5 $3 19. Rxb6 Bxa3 20. Bxd7 Rxd7 21. Bb4 axb6 22. Bxa3 Rc4 23. Ng3
Ra4 24. Bc1 Rxa2 $17 {0-1 Gulko,B-Tal,M/Sochi 1970/EXT 1999 (34)}) 14... Ne5 $2
(14... Nxd4 $5 15. Bxd4 Bxd4 16. Bxf7+ Rxf7 17. Nxd4 b6 18. Rfc1 Qe5 $11) 15.
Bd5 Ng4 16. Bf4 Qc2 17. h3 e5 18. dxe5 Nxe5 19. Bxe5 Bxe5 20. Qxe5 Qxe2 21.
Rxb7 $18 {1-0 Rasmussen,J-Karelin,E/ICCF 2002/ICCF Telechess CBM 112 (22)}) (
12. Bf4 $5 e5 (12... Qa5 $5 13. d5 Ne5) 13. dxe5 Nxe5 14. Bd5 Bc6 15. Rd1 Rad8
16. c4 Qa5 17. Bh6 Bxh6 18. Qxh6 b5 $2 (18... Bxd5 19. cxd5 c4 $132) 19. f4
Nxc4 $2 20. f5 Rd6 21. Bxc4 Qd8 22. Rxd6 Qxd6 23. Rf1 {1-0 Donner,J-Timman,J/
Amsterdam 1973/EXT 2001}) (12. Bh6 Rac8 (12... Bxh6 13. Qxh6 cxd4 14. cxd4 Nxd4
15. Bxf7+ Rxf7 16. Nxd4 Qe5 $6 (16... Qf4 $11) 17. Nf3 Qf4 $2 18. Ng5 Rg7 19.
Rad1 Bc6 $2 20. Qxg7+ {1-0 Wilson,J-Buckley,M/England 1997/EXT 1999}) 13. Bxg7
Kxg7 14. d5 Ne5 15. Bb3 b5 16. f4 Bg4 17. fxe5 Bxe2 18. Rf2 Bd3 19. Qf4 c4 20.
Bd1 f5 21. exf6+ Rxf6 $13 {0-1 Bondarevsky,I-Levenfish,G/Leningrad 1939/URS-ch
(54)}) 12... Rfc8 13. Rb1 a6 (13... cxd4 14. cxd4 Na5 {is too early due to} 15.
Qa3 Nc4 $2 16. Qxe7) 14. f4 cxd4 15. cxd4 Na5 {It is time now!} 16. Qxc7 (16.
Qa3 Nc4 17. Bxc4 $8 Qxc4 18. Rxb7 Bc6 19. Rb2 Bxe4 20. Qxe7 Qd5 $36) 16... Rxc7
17. Rfc1 Rxc1+ 18. Rxc1 e6 $11 {[%mdl 4096] _|_} 19. Rc7 Bb5 20. Bxb5 (20. Nc1
$5) 20... axb5 {[%cal Ya8a2]} 21. Kf2 (21. d5 exd5 22. exd5 Nc4 23. Bc5 Bf8 24.
Bxf8 Kxf8 25. Rxb7 Rxa2 26. Nc3 Rd2 $132) 21... Bf8 (21... Nc4 22. Rxb7 Nd6 23.
Rb6 Nxe4+ 24. Kf3 f5 25. Rxb5 Rxa2 26. d5 $11) (21... b6 22. Rc2 Nc4 23. Nc3 b4
24. Nb1 b5 25. Nd2 $11) 22. d5 exd5 23. exd5 Nc4 24. Bd4 Nd6 25. Nc1 (25. Rc2
$142 b4 26. Ng3 Ra5 27. Bc5 Nb5 28. Ne4 $11) 25... b4 26. Be5 f6 27. Bb2 Ra5
28. Ke2 Rxd5 $15 {Black has won a pawn but the active position of the white
pieces enables the latter to save the game.} 29. Nb3 b5 (29... Rh5 $142 30. h3
Rf5 31. Kf3 g5 $15) 30. Rd7 (30. Bxf6 Ne8 31. Rc6 Nxf6 32. Rxf6 g5 $1 $11)
30... Rh5 31. h3 Ne4 32. Kd3 Nc3 33. Bxc3 bxc3 34. Kxc3 $11 Rh4 $6 {This
creates some problems for Black as his rook is quite passive here.} (34... Rf5
$142 35. g3 g5 36. Nd4 Rc5+ 37. Kd3 gxf4 38. gxf4 Rh5 39. Ne6 Rxh3+ 40. Ke4 Ba3
41. Rg7+ Kh8 42. Rb7 Kg8 $11) 35. Rd4 f5 (35... Bh6 36. f5 Rh5 37. Rd5 $14) 36.
Kd3 Bg7 $6 (36... Kf7 37. Nd2 Bc5 38. Nf3 $1 Bxd4 39. Nxh4 $14 {[%csl Rb5] _|_}
) 37. Rd8+ Kf7 38. Rd7+ Kf6 39. Nc5 $2 {Not just missing a good winning chance
- it is now White who must secure the draw!} (39. Nd4 $1 Bf8 (39... Rxf4 $2 40.
Rxg7 Rxd4+ 41. Kxd4 Kxg7 42. Kc5 $18) (39... Bh6 $2 40. Rxh7) 40. Ke3 (40. Ne2
b4 {[%cal Yg6g5]}) 40... Bh6 (40... Bc5 41. Rd5) (40... b4 41. Kf3) 41. Ne2 {
and the black rook can't get out of its cage on h4.}) 39... Bf8 40. Rc7 Bxc5 (
40... Rxf4 {also led to a draw:} 41. Nd7+ Ke7 42. Nxf8+ Kxf8 43. Rxh7 Rf2 (
43... Ra4 44. Rb7 Rxa2 45. g4 $1) 44. g4 fxg4 45. hxg4 Rxa2 46. Rb7 $11) ({
but after} 40... Bd6 $1 41. Rc6 Ke7 42. Nb7 Bxf4 43. Rb6 (43. Rc5 Kd7) 43...
Bc7 44. Rxb5 Kd7 {White still had to find} 45. a4 $1 Rxa4 46. Nc5+ Kc6 47. Nxa4
Kxb5 48. Nc3+ $11 {_|_}) 41. Rc6+ Kg7 42. Rxc5 Rxf4 43. Rxb5 Rf2 44. g4 Kf6 45.
gxf5 gxf5 46. Ke3 Rxa2 (46... Rh2 47. Kf4) 47. Kf4 Ra4+ 48. Kg3 Kg5 49. h4+ Kg6
50. Rb6+ Kg7 51. Rb7+ Kg6 52. Rb6+ Kh5 53. Rf6 Rg4+ 54. Kf3 Kxh4 55. Rxf5 h5
56. Kf2 Rg8 57. Ra5 1/2-1/2